The UK Statute Law Database (Record no. 120547)

MARC details
000 -LEADER
fixed length control field 01899cam a2200241 4500
001 - CONTROL NUMBER
control field ##L136001
008 - FIXED-LENGTH DATA ELEMENTS--GENERAL INFORMATION
fixed length control field 101117n2010 000 0 eng u
035 ## - SYSTEM CONTROL NUMBER
System control number (Sirsi) u136001
041 0# - LANGUAGE CODE
Language code of text/sound track or separate title eng
110 1# - MAIN ENTRY--CORPORATE NAME
Corporate name or jurisdiction name as entry element United Kingdom
Subordinate unit Department for Constitutional Affairs
9 (RLIN) 4899
245 04 - TITLE STATEMENT
Title The UK Statute Law Database
Medium [electronic resource]
520 ## - SUMMARY, ETC.
Summary, etc. The official revised edition of primary UK legislation allows users to view amended legislation as it has changed over time, see how it will be affected by amendments not yet in force, and see how legislation has been amended for different jurisdictions. The following are held and maintained in revised form: Public General Acts of the UK Parliament (1801 to date); Acts of the Parliament of Great Britain (1707-1800); Acts of the English Parliament (1267-1706); Church of England Measures (1920 to date); Acts of the Scottish Parliament (1424-1707 and 1999 to date); and Acts of the Irish Parliament, Parliament of Northern Ireland, Northern Ireland Assembly (various dates). Also provides unrevised Local Acts of the UK Parliament (1991 to date) and unrevised UK and Scottish Statutory Instruments (1991 to date). Includes tables of legislative effects.
520 ## - SUMMARY, ETC.
Summary, etc. Legislation.gov.uk brings together the legislative content currently held on the OPSI website and revised legislation from the Statute Law Database to provide a single legislation service that replaces the OPSI and Statute Law Database services from 2010.
590 ## - LOCAL NOTE (RLIN)
Local note KA NTK
651 #4 - SUBJECT ADDED ENTRY--GEOGRAPHIC NAME
Geographic name United Kingdom
Chronological subdivision
690 ## - LOCAL SUBJECT ADDED ENTRY--TOPICAL TERM (OCLC, RLIN)
Topical term or geographic name as entry element PROPERTY
690 ## - LOCAL SUBJECT ADDED ENTRY--TOPICAL TERM (OCLC, RLIN)
Topical term or geographic name as entry element BUILT ENVIRONMENT
690 ## - LOCAL SUBJECT ADDED ENTRY--TOPICAL TERM (OCLC, RLIN)
Topical term or geographic name as entry element ENVIRONMENTAL AND LAND CONSULTANCY
690 ## - LOCAL SUBJECT ADDED ENTRY--TOPICAL TERM (OCLC, RLIN)
Topical term or geographic name as entry element MANAGEMENT
856 40 - ELECTRONIC LOCATION AND ACCESS
Uniform Resource Identifier <a href="https://www.statutelaw.gov.uk">https://www.statutelaw.gov.uk</a>
Public note View the website free of charge at www.statutelaw.gov.uk...
856 40 - ELECTRONIC LOCATION AND ACCESS
Uniform Resource Identifier <a href="https://www.legislation.gov.uk/">https://www.legislation.gov.uk/</a>
Public note View the website free of charge at www.legislation.gov.uk
942 ## - ADDED ENTRY ELEMENTS (KOHA)
Suppress in OPAC 0
Holdings
Withdrawn status Lost status Source of classification or shelving scheme Damaged status Not for loan Home library Current library Shelving location Date acquired Total Checkouts Full call number Barcode Date last seen Copy number Price effective from Koha item type
    Dewey Decimal Classification     Virtual Virtual Online 02/01/2007   WEB SITE 136001-2001 06/08/2019 1 06/08/2019 Online material